Vista normal
Vista MARC
Entrada Materia (geográfica)
Número de registros utilizados en: 2
001 - CONTROL NUMBER
- control field: 90659
003 - CONTROL NUMBER IDENTIFIER
- control field: Co-BoUCM
005 - DATE AND TIME OF LATEST TRANSACTION
- control field: 20171214155327.0
008 - FIXED-LENGTH DATA ELEMENTS
- fixed length control field: 171214|| aca||aabn | a|a d
040 ## - CATALOGING SOURCE
- Original cataloging agency: Co-BoUCM
- Transcribing agency: Co-BoUCM
151 ## - HEADING--GEOGRAPHIC NAME
- Geographic name: Valle del cauca (Colombia)
- General subdivision: Historia
670 ## - SOURCE DATA FOUND
- Source citation: Work cat.: (Co-BoUCM)45793: Palacio Castañeda, Germán Alonso 1957- 90653, Civilizando la tierra caliente, 2004